| 000 | 00361nam a2200145Ia 4500 | ||
|---|---|---|---|
| 008 | 231104s9999||||xx |||||||||||||| ||und|| | ||
| 020 | _a9.7893517374e+012 | ||
| 082 |
_a340 _bKum/B |
||
| 100 | _aKumar dharmendra | ||
| 245 | 0 | _aBasics of consumer behaviour | |
| 250 | _a1st Edition | ||
| 260 |
_aAgra _bSahitya bhawan _c2023 |
||
| 300 | _a198p. | ||
| 942 | _cBK | ||
| 999 |
_c42413 _d42413 |
||